000 00218 a2200097 4500
001 59905
100 _a
245 _aBasics of Nuclear Physics
260 _aNew Delhi
_bAnmol Publications
_c2008
090 _c36740
_d36740
942 _aNUST-CAE
_c
_c29714
999 _c294978
_d294978